000
00486nam a2200181Ia 4500
008
100917s9999 xx 000 0 und d
082
_b
57257
100
_a
चिखले सुरेश
245
_a
झंुबर
260
_b
डिम्पल पब्लिकेशन्स
_c
---
300
_a
115
365
_b
18
520
_a
कादंबरी
630
_a
झंुबर
650
_a
कादंबरी
730
_a
झंुबर
942
_c
BOOK
999
_c
662651
_d
662648